| 000 | 01342nac a22002650a 4500 | ||
|---|---|---|---|
| 001 | PT2990 | ||
| 003 | AR-LpoUNG | ||
| 005 | 20210201004813.0 | ||
| 008 | 201001s1998||||ag |||||||||||||||||spa d | ||
| 020 |
_a8449948525 _c$11 |
||
| 040 |
_aAR-LpoUNG _bspa _eaacr |
||
| 041 | _aspa | ||
| 044 | _aag | ||
| 082 | 0 | _aR338.900 3 186v2 | |
| 100 | 1 | _aRandle, P. H. | |
| 245 | 1 | 0 |
_aAtlas del desarrollo territorial de la Argentina : _bseries de estadísticas históricas |
| 260 |
_aBuenos Aires : _bOikos - Tau, _c1998. |
||
| 300 |
_a282 p. : _bgráfs. _a(3 _fVolúmenes) _3Impreso |
||
| 490 | 0 | _aAtlas del desarrollo territorial de la Argentina | |
| 520 | _aEl texto está ordenado en cuatro partes: El territorio se configura: como va tomando forma politica a traves del tiempo, el actual territorio Argentino. La segunda parte: propone las fases de desarrollo de oblación y producción. La tercera parte: el equipamiento y redes: registra la obra humana del territorio. La cuarta parte: : el proceso de urbanización , está enfocada bajo una doble optica. Por un lado se encara la progresiva fundación de ciudades en el territorio como una secuencia continuada, y, por el otro, se anliza el crecimiento individual de cada ciudad considerada. | ||
| 650 | 4 | _aHISTORIA SOCIAL | |
| 651 | 4 | _aArgentina | |
| 905 | _a2990 | ||
| 942 | _cLSALA | ||
| 999 |
_c47562 _d47562 |
||